00851nam a22002657a 45000010005000000030006000050050017000110080041000280200018000690400029000870500014001160820014001301000018001442450093001622500041002552600034002963000045003305050007003755200096003825210018004785210018004966500020005146500020005347000031005546600FISKH20250513100957.0250513b cb ||||| |||| 00| 0 eng d a9780439555678 aFISKHbengcFISKHdFISKH aE312 .M84 a973.41092 aMurphy, Frank aGeorge Washington and the general's dog /cBy Frank Murphy ; Illustrated by Richard Walz aThis edition first published in 2004 aNew York :bScholastic,c2002 a48 pages :bcolor illustrations ;c23 cm aG  aRecounts events in the life of George Washington which focus on his fondness for animals. 8 a380 bLexile 8 aG bRaz-Plus  2BiographyaDogs 2PetsaPresident aWalz, Richarddillustrator